000 01536nam0a22003011 4500
001 v19\rc\1654561
005 20250619004225.0
035 _a(NLR Aleph) 004765237
090 _a4602384
_c4602384
100 _a20061002e18891889|||y0rusy50 ca
101 0 _arus
102 _aRU
105 _ay z |||||
200 1 _aОтчет Департаменту земледелия и сельской промышленности инженер-технолога П. Копосова по обработке льна и торговле им
_eЛьнодельня г. Гетце во Владимирск. губ.; торговля льном во Владимирск. и Ярославск. губ.; сортирование и опыты мочки на Новой костромск. льняной мануфактуре
210 _a[Санкт-Петербург]
_cтип. В. Демакова
_d[1889]
215 _a52 с.
_d24
309 _aБез тит. л. и обл.
311 _aИзвлеч. из журн. "Сел. хоз-во и лесоводство". № 7, 1889 г.
488 0 _12001#$aСельское хозяйство и лесоводство$v1889, № 7
_tСельское хозяйство и лесоводство
700 1 _aКопосов
_bП.В.
_gПетр Валентинович
801 0 _aRU
_bNLR
_gpsbo
801 0 _aRU
_bRuMoRGB
_2psbo
801 1 _aRU
_bProSoft-M
_2rusmarc
852 _aNLR
_j18.198.4.420
899 _aRuMoRGB
_jA 152/197
899 _aБАН
942 _cBOOK
980 _aNB